000 00550nam a2200181Ia 4500
008 151018s9999 xx 000 0 und d
082 _bRBASDV46902
_a491.838
100 _aरामदरश मिश्र
245 _aघर परिवेश
250 _b1
260 _bसाहित्य सहकार
_c2008
300 _a160
600 _aरामदरश मिश्र
630 _aघर परिवेश
700 _aरामदरश मिश्र
730 _aघर परिवेश
942 _cBOOK
999 _c1046053
_d1046050